000 00895nam a2200265 a 4500
001 BRL_228
005 20190320210638.0
008 250213s1998----mx-a######---#000-0#spa-#
020 _a9701821521
041 _aspa
044 _amx
050 4 _aND813.C5
_b.O74 1998
100 1 _aOrellana, Margarita de
_921007
245 1 0 _aEnrique Climent
_bel arraigo de la imaginación
_cMargarita de Orellana.
260 _aMéxico
_bCírculo de Arte
_c1998
300 _a32 p.
_bil. a color, 32 láminas
_c17 cm.
500 _aLa primera exposición retrospectiva de la obra de Enrique Climent (1897-1980) se presentó en el Palacio de Bellas Artes en 1984
500 _aIncluye dedicatoria a Ruth
500 _aAu286
504 _aBibliografía: p. 30-32
600 1 4 _aCliment, Enrique
_d1897-1980
_vExposiciones
_923297
650 1 4 _aPintores españoles
_97620
902 _aGRL
942 _2lcc
_cB
999 _c9041
_d9041